000
00370nam a2200133Ia 4500
008
151001s9999||||xx |||||||||||||| ||und||
100
_a
Kaushik Bhattacharya
245
_a
Science Journalism In India
250
_a
1
260
_b
Calcutta Journalism club
260
_c
2005
300
_a
58
365
_b
21
999
_c
987737
_d
987734